000 01153nam a22003257a 4500
003 CHAP
005 20220329141431.0
008 971013s1987 r 00010 d
010 _a68061
011 _a69033
035 _a78507
040 _cCHAP
090 _aTesis
100 0 0 _aHernández López, Francisco.
_954240
245 _aPrueba comparativa del control de malezas por métodos químicos y mecánicos en el cultivo del Maíz (Zea mays L.) ciclo primavera - verano de 1986, Marín, N. L.
260 _aMarín, N. L. :
_bEl autor,
_c1987
300 _a88 h.
_b; gráfs.
500 _a26-193
502 _aTesis (Ing. Agrónomo fitotecnista) -- Univ. Autónoma de Nuevo León. Fac. de Agronomía
590 _aALEPH
_b10
_c20130110
_lUCH01
_h1404
590 _aBATCH-UPD
_b10
_c20130110
_lUCH01
_h0748
590 _aBATCH-UPD
_b10
_c20130410
_lUCH01
_h0429
590 _aBATCH-UPD
_b10
_c20130914
_lUCH01
_h1608
590 _aCONVERSION
_b10
_c20130109
_lUCH01
_h1337
650 1 4 _aHerbicidas.
_953691
650 1 4 _aMaíz
_xMalas hierbas
_xControl.
_971003
901 _aBK
942 _cTESIS
949 _bBC
_cTES
_d-31381
_eTS1
_h20068
_i78507
_si
999 _c68061
_d68061